000 00731cam a22002291 4500
001 sa 66003945
003 DLC
005 20260227112239.0
008 890730s1964 io 000 0 ind
010 _asa 66003945
035 _a(OCoLC)23562880
040 _aDLC
_cMiU
_dDLC
042 _apremarc
050 0 0 _aLAW <Indonesia 7 Soek 1964>
100 0 _aSoekardono,
_cR.
245 1 0 _aHimpunan kuliah hukum dagang II, dikuliahkan oleh R. Soekardono, 1963-1964, pada tingkat Sardjana II, Fakultas Hukum Guided Course, Universitas Indonesia.
260 _a[Djakarta,
_c1964?]
300 _a32, 23, [7], 31 p.
_billus.
_c33 cm.
500 _aCover title.
650 0 _aCommercial law
_zIndonesia.
740 0 _aHukum dagang II.
999 _c69186
_d69186